| 000 | 00433nam a2200181Ia 4500 | ||
|---|---|---|---|
| 008 | 230524s9999 xx 000 0 und d | ||
| 020 | _a9780670087969 | ||
| 082 | _bKAL | ||
| 100 |
_aA.P.J. Abdul Kalam _941788 |
||
| 245 | 0 | _aBeyond 2020 | |
| 250 | _a1 | ||
| 260 |
_aNew Delhi _bPenguin _c2014 |
||
| 300 | _a280p; | ||
| 500 | _aQuantity Number: 1 | ||
| 650 |
_aMisalliance _941789 |
||
| 700 |
_aY.S.Rajan _941790 |
||
| 942 | _cBK | ||
| 999 |
_c56217 _d56217 |
||